| 000 | 00858nam a2200301Ia 4500 | ||
|---|---|---|---|
| 003 | OSt | ||
| 005 | 20221006142241.0 | ||
| 006 | a|||||r|||| 00| 0 | ||
| 007 | ta | ||
| 008 | 221006b |||||||| |||| 00| 0 eng d | ||
| 020 |
_a0520055802 _c _20.50 |
||
| 024 | _a5,805 | ||
| 037 | _cTextual | ||
| 040 |
_aEASL _cEASL _beng |
||
| 041 |
_2eng _aeng |
||
| 082 | _aT4y7N31, M5 | ||
| 100 |
_aWAKEMAN Carolyn _9647253 |
||
| 245 | 0 |
_aTo the storm _b The odyssey of a revolutionary Chinese women |
|
| 260 |
_aBerkeley _bUniversity of California Press _c1985 |
||
| 300 |
_a405p. _ccm. |
||
| 490 | _v CEL | ||
| 650 | _a CEL | ||
| 650 |
_a College Teachers _9647254 |
||
| 650 |
_aChinese Intellectuals _9647255 |
||
| 700 |
_a YUE Daiyun _9647256 |
||
| 942 |
_hT4y7N31, M5 _cTEXL _2CC |
||
| 999 |
_c1073891 _d1073891 |
||